MDQL
is popping MORE tags! Check the
thread
!
Quizzes
Events
Quiz Creation
Community
Videos
Private Events
Remove Ads
Sign In
Join for FREE
Feedback
Dark Mode
Quiz Categories
Sports
Geography
Music
Movies
Television
Just For Fun
Miscellaneous
History
Literature
Language
Science
Gaming
Entertainment
Religion
Holiday
For Kids
Quiz Lab
Recent
Popular Today
Quiz Kudos Today
Editor Picks
Curator Picks
Quizzes by...
Day
Popularity
Type
Ratings
Length
Year
Community
Subscriptions
Recent Discussions
Orange Saloon
Badges
Playlists
Quests
Create
Leaderboards
Showdown
Live 5
Trivia Bingo
Activity
Puzzle Library
Sporcle Events
Private Events
Virtual Trivia
Globe League
Become a Host
Pub Owners
SporcleCon
Opinionation
Our Games
Videos
Blog
Mobile Apps
Partnerships
Remove Ads and Go Orange
Feedback
Sports
Athletes
MLB
NBA
NHL
NFL
Soccer
Sports Teams
WWE
NCAA
Football
Premier League
Basketball
Baseball
Hockey
Golf
Tennis
Cricket
Rugby
Auto Racing
Olympics
World Cup
Sports
Athletes
MLB
NBA
NHL
NFL
Soccer
Sports Teams
WWE
NCAA
Football
Premier League
Basketball
Baseball
Hockey
Golf
Tennis
Cricket
Rugby
Auto Racing
Olympics
World Cup
Random Quiz
Search Sporcle
×
Quiz Lab
Quiz Lab
Sports
team
Type in answers that appear in a list
Type in answers that appear in a list
Classic
Best Score? Go Orange.
SM-liiga individual point leaders Stats
Can you name the best pointmakers of SM-liiga teams?
By
Noma
10m
42 Questions
1,478 Plays
1,478 Plays
1,478 Plays
Comments
Comments
Give Quiz Kudos
Give Quiz Kudos
-
- Ratings
hide this ad
Replay
Link that replays current quiz
Next Quiz
Link to next quiz in quiz playlist
You Got
0%
They Got
Avg Score
52%
Avg Friend Score
Upgrade to see
Score Distribution
Jump to the score distribution portion of the page
Score
0/42
Timer
10:00
0
Plays Today
Team (season)
Player
% Correct
JYP (08-
09)
Jarkko Immonen
89%
JYP (07-
08)
Jarkko Immonen
89%
Saipa (07-
08)
Jarkko A. Immonen
89%
KalPa (08-
09)
Sami Kapanen
85%
Ässät (08-
09)
Marko Kivenmäki
81.5%
Ässät (06-
07)
Marko Kivenmäki
81.5%
HIFK (08-
09)
Kim Hirschovits
77.4%
Jokerit (06-
07)
Kim Hirschovits
77.4%
Pelicans (08-
09)
Marko Jantunen
76.2%
Tappara (08-
09)
Jori Lehterä
75.8%
Jokerit (07-
08)
Ville Leino
74.8%
Kärpät (07-
08)
Janne Pesonen
74%
Kärpät (06-
07)
Janne Pesonen
74%
Blues (08-
09)
Ryan Keller
72.3%
Blues (07-
08)
Ryan Keller
72.3%
Lukko (07-
08)
Shayne Toporowski
69.3%
SaiPa (08-
09)
Shayne Toporowski
69.3%
Blues (06-
07)
Martin Kariya
60.6%
Lukko (08-
09)
Juha-Pekka Haataja
58%
TPS (08-
09)
Ville Vahalahti
54.3%
HPK (08-
09)
Jussi Makkonen
53.9%
Team (season)
Player
% Correct
Kärpät (08-
09)
Toni Koivisto
51.3%
KalPa (07-
08)
Tuomas Kiiskinen
46.3%
Pelicans (07-
08)
Matias Loppi
44.6%
Pelicans (06-
07)
Matias Loppi
44.6%
Lukko (06-
07)
Josef Straka
40.3%
Tappara (07-
08)
Timo Koskela
39.5%
KalPa (06-
07)
Timo Koskela
39.2%
Jokerit (08-
09)
Joey Tenute
36.9%
Ilves (08-
09)
Miikka Männikkö
34.8%
HIFK (07-
08)
Ryan Vesce
34.4%
HPK (07-
08)
Kai Nurminen
32.7%
HIFK (06-
07)
Stephen Guolla
27.4%
Tappara (06-
07)
Petri Kontiola
25.8%
HPK (06-
07)
Toni Mäkiaho
25.3%
JYP (06-
07)
Ilari Filppula
24.5%
Ässät (07-
08)
Jesse Joensuu
23.3%
TPS (07-
08)
Teemu Laine
22.5%
Ilves (07-
08)
Mike Bishai
22.2%
TPS (06-
07)
Layne Ulmer
19.6%
Saipa (06-
07)
Kimmo Koskenkorva
18.8%
Ilves (06-
07)
Mikko Peltola
16.4%
Quiz Playlist
Details
Report
Send in Message
Add To Playlist
Classic:
Type in answers that appear in a list
Last Updated: Oct 22, 2018
Quiz Scoreboard
CHALLENGE
Sign Up to Join the Scoreboard
Show All
Scores
Hide
Comments
May contain spoilers
Recently Published
5x2 Blitz: Bands
by SL_Kpop136
Music
30s
Colored Red Africa Blitz
by spor1
Geography
30s
Find the 'City' Movie
by crazypaving
Movies
60s
More to Explore
Quiz From the Vault
Featured Blog Post
14 Easter Pick-up Lines to Find Eggs With
hide this ad
You Might Also Like...
Tags
Individual
Player
point
season
Sm Liiga
team
Today's Top Quizzes in Sports
Browse Sports
hide this ad
Today's Top Quizzes in team
Browse team
Top Contributed Quizzes in Sports
1
Players with Multiple 50 Home Run Seasons
2
Les entraîneurs de l'OM et du PSG au 21e siècle
3
Criteria MLB: Left Handed Sluggers
4
2022 World Cup Stars
5
Les meilleurs buteurs des matchs entre le PSG et l’OM
6
Who Hit More Homers?
7
Les joueurs passés par le PSG et l'OM
8
NBA Logic Puzzle 2.0
9
Top 10 NHL Goal Scorers of All Time
10
MLB Players with Two .350 Batting Average Seasons
Explore More
Trending Topics
Harry Potter
Anime
Kpop
NBA
Crossword
Disney
Marvel
Puzzle
Soccer
NFL
Song
WWE
The Office
Pokémon
Country
hide this ad
More By:
Noma
Quiz
Plays
Rating
Category
Featured
Created
Finnish NHL players
2,756
4.25
Sports
Dec 1, 2009
All teams ever played in SM-liiga
1,552
4.00
Sports
Nov 2, 2009
SM-liiga individual point leaders
1,478
Sports
Nov 1, 2009
100 random NHL-players' teams
1,198
2.82
Sports
Jan 4, 2010
SM-liiga team's home arenas
805
1.00
Sports
Nov 2, 2009
Go to Creator's Profile
Score Distribution
Quiz Creator Spotlight
Noma
Follow
Send a Message
Quizzes Created
-
Created Quiz Play Count
-
More By This Creator
Popular Quizzes Today
1
Colored Red Africa Blitz
2
Find the 'City' Movie
3
Find the US States - No Outlines Minefield
4
5x2 Blitz: Bands
5
The Countries of the World
6
Find the US States
7
US States
8
9x9 Crossword: Cartoon Network
More Sports Quizzes
Roman Reigns WWE Title Defenses
Quiz Lab
Trending Quizzes
Colored Red Europe Blitz I
Colored Red Europe Blitz II
Colored Red Africa Blitz II
Colored Red Europe Blitz III
Colored Red Africa Blitz III
Recently Updated
How Do You Spell That?
pecheneg
Godzilla Movies
pecheneg
Grab Bag: 4-10 Letters
pecheneg
2024 March Madness Bracket
pecheneg
Famous TV Couples
Peacemaker
Champions League XIs: Real Madrid
pecheneg
Largest US Cities 1790-2010
pecheneg
Rides in Walt Disney World
pecheneg
Most Oscar Losses (Acting)
pecheneg
Beyoncé Albums
pecheneg
Trending Topics
Disney
Kpop
Marvel
Harry Potter
NBA
Anime
Crossword
NFL
Song
Country
Soccer
WWE
Puzzle
Pokémon
The Office
Your Account Isn't Verified!
In order to create a playlist on Sporcle, you need to verify the email address you used during registration. Go to your
Sporcle Settings
to finish the process.
Report this User
Report this user for behavior that violates our
Community Guidelines
.
Details:
Send Report
Go to the Sporcle.com Mobile Site →
Comments